| 000 | 00461nam a22001817a 4500 | ||
|---|---|---|---|
| 005 | 20260402161602.0 | ||
| 008 | 260309b |||||||| |||| 00| 0 eng d | ||
| 020 | _a978-81-204-0994-1 | ||
| 041 | _aeng | ||
| 082 | _a631.521 AGA-S | ||
| 100 |
_aAGARWAL, RATTAN LAL _98883 |
||
| 245 | _aSEED TECHNOLOGY | ||
| 250 | _a2ND ED. | ||
| 260 |
_aNEW DELHI _bCBS PUBLISHERS & DISTRIBUTORS PVT.LTD. _c1995 |
||
| 300 | _a829;P | ||
| 650 | _aAGRICULTURE | ||
| 942 | _cBK | ||
| 999 |
_c9058 _d9056 |
||